| 000 | 00677cam a22002172 4500 | ||
|---|---|---|---|
| 001 | 0000002087 | ||
| 005 | 20151217151839.0 | ||
| 008 | 070402s xx 000 0 eng d | ||
| 020 |
_a0333921453 : _cKES 4,390 |
||
| 040 |
_aKABU _cKABU |
||
| 050 | 0 |
_aHF1359 _b.M67 |
|
| 100 | 1 |
_aMorrison, Janet. _@0000151307 |
|
| 245 | 1 | 4 |
_aThe International business environment : _bdiversity and the global economy. |
| 260 |
_aNew York : _bPalgrave, _c2002. |
||
| 300 | _axxxiv, 414 p. | ||
| 650 | 0 |
_aInternational economic relations. _@0000144571 |
|
| 650 | 0 |
_aInternational trade. _@0000149976 |
|
| 908 | _a070402 | ||
| 950 | _@1 | ||
| 999 |
_c5635 _d5635 |
||